| 000 | 01170cam a2200313 a 4500 | ||
|---|---|---|---|
| 999 |
_c127819 _d127819 |
||
| 001 | 12937857 | ||
| 003 | ARRUPE | ||
| 005 | 20180328095606.0 | ||
| 008 | 020412s2002 dcua b 001 0 eng d | ||
| 010 | _a 2002449237 | ||
| 020 | _a0821349899 | ||
| 035 | _a(OCoLC)ocm49640053 | ||
| 040 |
_aUKM _cUKM _dFUG _dDLC |
||
| 042 | _alccopycat | ||
| 043 |
_aaw----- _aff----- |
||
| 050 | 0 | 0 |
_aHF1414 _b.G572 2002 |
| 082 | 0 | 4 |
_a338.60480956 _221 |
| 245 | 0 | 0 |
_aGlobalization and firm competitiveness in the Middle East and North Africa region / _cEdited by Samiha Fawzy |
| 260 |
_aWashington, D.C. : _bWorld Bank, _c2002. |
||
| 300 |
_axviii, 278 p. : _bill. ; _c24 cm. |
||
| 504 | _aIncludes bibliographical references and index. | ||
| 650 | 0 |
_aCompetition _zMiddle East. _941118 |
|
| 650 | 0 |
_aCompetition _zAfrica, North. _941119 |
|
| 650 | 0 |
_aGlobalization. _94951 |
|
| 700 | 1 |
_aFawzy, Samiha, _d1951- _941120 |
|
| 906 |
_a7 _bcbc _ccopycat _d2 _encip _f20 _gy-gencatlg |
||
| 942 |
_2lcc _cMONOGRAPH |
||